Liste des courses dans Mario Kart 8 Deluxe - Statistiques

Statistiques générales
  • Ce quiz a été pris 12 fois
  • Le résultat moyen est 25 sur 72
Statistiques - réponses
Hint Réponse % Correct
Coupe Fleur Circuit Mario
92%
Coupe Spéciale Route Arc-en-ciel
75%
Coupe Spéciale Château de Bowser
58%
Coupe Étoile Descente Givrée
50%
Coupe Spéciale Désert Toussec
50%
Coupe Champignon Temple Thwomp
50%
Coupe Spéciale Voie Céleste
50%
Coupe Étoile Aéroport Azur
42%
Coupe Crossing Animal Crossing
42%
Coupe Clochette Big Blue
42%
Coupe Fleur Cascades Maskass
42%
Coupe Champignon Champidrome
42%
Coupe Triforce Circuit d'Hyrule
42%
Coupe Étoile Club Mario
42%
Coupe Étoile Lagon Tourbillon
42%
Coupe Fleur Manoir Trempé
42%
Coupe Œuf Mute City
42%
Coupe Champignon Parc Glougloop
42%
Coupe Champignon Piste aux délices
42%
Coupe Fleur Promenade Toad
42%
Coupe Œuf Route du Dragon
42%
Coupe Triforce Station Glagla
42%
Coupe Éclair 3DS Égout Piranha
33%
Coupe Banane 3DS Forêt Tropicale DK
33%
Coupe Clochette 3DS Koopapolis
33%
Coupe Feuille 3DS Piste Musicale
33%
Coupe Maneki-Neko DS Corniche Champignon
33%
Coupe Éclair DS Horloge Tic-Tac
33%
Coupe Carapace DS Plage Cheep Cheep
33%
Coupe Feuille DS Stade Wario
33%
Coupe Carapace GBA Circuit Mario
33%
Coupe Crossing GBA Pays Fromage
33%
Coupe Clochette GBA Route Ruban
33%
Coupe Œuf GCN Circuit Yoshi
33%
Coupe Banane GCN Désert Sec Sec
33%
Coupe Crossing GCN Parc Baby
33%
Coupe Feuille GCN Royaume Sorbet
33%
Coupe Clochette Métro Turbo
33%
Coupe Banane N64 Autodrome Royal
33%
Coupe Carapace N64 Autoroute Toad
33%
Coupe Turbo Dorée N64 Montagne Choco
33%
Coupe Éclair N64 Route Arc-en-ciel
33%
Coupe Feuille N64 Vallée Yoshi
33%
Coupe Crossing Passage Feuillage
33%
Coupe Triforce SNES Route Arc-en-ciel
33%
Coupe Maneki-Neko Tour Dojo Ninja
33%
Coupe Turbo Dorée Tour Promenade à Paris
33%
Coupe Triforce Wii Mine Wario
33%
Coupe Carapace Wii Prairie Meuh Meuh
33%
Coupe Turbo Dorée Wii Supermarché Coco
33%
Coupe Éclair Wii Volcan Grondant
33%
Coupe Turbo Dorée 3DS Circuit Toad
25%
Coupe Pierre 3DS Mont Éboulis
25%
Coupe Lune 3DS Route Arc-en-ciel
25%
Coupe Navet DS Flipper Waluigi
25%
Coupe Lune DS Jardin Peach
25%
Coupe Maneki-Neko GBA Jardin Volant
25%
Coupe Pierre GBA Lac Boo
25%
Coupe Hélico GBA Pays Neigeux
25%
Coupe Navet N64 Désert Kalimari
25%
Coupe Navet SNES Circuit Mario 3
25%
Coupe Banane SNES Plaine Donut 3
25%
Coupe Lune Tour Balade Berlinoise
25%
Coupe Hélico Tour Cité Sorbet
25%
Coupe Pierre Tour Détour à Londres
25%
Coupe Navet Tour Escapade New-Yorkaise
25%
Coupe Lune Tour Mont Festif
25%
Coupe Hélico Tour Sprint à Sydney
25%
Coupe Pierre Wii Bois Vermeil
25%
Coupe Hélico Wii Gorge Champignon
25%
Coupe Œuf Arène Excitebike
17%
Coupe Maneki-Neko Tour Traversée de Tokyo
17%
Aucun quiz correspondant
Distribution des résultats
% des personnes avec chaque résultat
Percentile par nombre de réponses
Votre historique - résultats
Vous n’avez pas pris ce quiz